आदर्श हिन्दू होटल / (Record no. 117111)

MARC details
000 -LEADER
fixed length control field 01298nam a22002657a 4500
005 - DATE AND TIME OF LATEST TRANSACTION
control field 20170124103049.0
010 ## - LIBRARY OF CONGRESS CONTROL NUMBER
LC control number B-027149
020 ## - INTERNATIONAL STANDARD BOOK NUMBER
Terms of availability 35.00
International Standard Book Number 8123727437
035 ## - SYSTEM CONTROL NUMBER
System control number B-027149
037 ## - SOURCE OF ACQUISITION
Source of stock number/acquisition Cen Lib/Ret
040 ## - CATALOGING SOURCE
Original cataloging agency DPL
Language of cataloging HN
082 ## - DEWEY DECIMAL CLASSIFICATION NUMBER
Classification number
Item number वन्धोपा
100 ## - MAIN ENTRY--PERSONAL NAME
Personal name वन्धोपाध्याय, विभूति भूषण
9 (RLIN) 70122
245 ## - TITLE STATEMENT
Title आदर्श हिन्दू होटल /
Statement of responsibility, etc विभूति भूषण वन्धोपाध्याय ; अन्वादक प्रफुल्ल चन्द्र ओझा
246 ## - VARYING FORM OF TITLE
Title proper/short title Aadarsh hindu hotel
Remainder of title by Vibhuti Bhushan Banddhopdhyay ; anuvadak Prafullchandr ojha
260 ## - PUBLICATION, DISTRIBUTION, ETC. (IMPRINT)
Place of publication, distribution, etc नई दिल्ली
Name of publisher, distributor, etc नेशनल बुक ट्रस्ट इंडिया
Date of publication, distribution, etc 1976
270 ## - ADDRESS
Address ए -5, ग्रीन पार्क
City नई दिल्ली
Postal code 110016
300 ## - PHYSICAL DESCRIPTION
Extent 157पृष्ठ.
Dimensions 20सेमी(सजिल्द)
650 ## - SUBJECT ADDED ENTRY--TOPICAL TERM
Topical term or geographic name as entry element हिंदी साहित्य
9 (RLIN) 70123
650 ## - SUBJECT ADDED ENTRY--TOPICAL TERM
Topical term or geographic name as entry element हिंदी उपन्यास
9 (RLIN) 70124
650 ## - SUBJECT ADDED ENTRY--TOPICAL TERM
Topical term or geographic name as entry element Hindi literature
9 (RLIN) 70125
650 ## - SUBJECT ADDED ENTRY--TOPICAL TERM
Topical term or geographic name as entry element Hindi novel
9 (RLIN) 70126
700 ## - ADDED ENTRY--PERSONAL NAME
Personal name ओझा, प्रफुल्लचन्द्र
9 (RLIN) 70127
942 ## - ADDED ENTRY ELEMENTS (KOHA)
Source of classification or shelving scheme Dewey Decimal Classification
Koha item type Hindi Books
Classification part
Call number suffix वन्धोपा
Holdings
Withdrawn status Lost status Damaged status Not for loan Home library Current library Date acquired Source of acquisition Cost, normal purchase price Total Checkouts Total Renewals Full call number Barcode Date last seen Date checked out Copy number Cost, replacement price Price effective from Koha item type
        Central Library Central Library 26/08/2015 Cen Lib /Ret 35.00 2 3 उ वन्धोपा B-027149 15/04/2024 06/03/2024 1 35.00 26/08/2015 Hindi Books

© Delhi Public Library
Hit Counter
free hit counter